| 000 | 00533nam a2200181Ia 4500 | ||
|---|---|---|---|
| 003 | GCL | ||
| 008 | 140319s9999 xx 000 0 eng d | ||
| 040 |
_aGCL / _cGCL |
||
| 082 | 0 | 4 |
_a709.012 _bK S |
| 100 | 1 | _aKAMPEN, NATALIE BOYMEL | |
| 245 | 1 | 0 |
_aSEXUALITY IN ANCIENT ART: NEAR EAST EGYPT, GREECE AND ITALY / _cKAMPEN, NATALIE BOYMEL |
| 260 |
_a[S.N] : _bCAMBRIDGE UNIVERSITY PRESS ، _c1996 |
||
| 300 | _a299 P | ||
| 650 | 0 | 4 | _aSEX - AFFAIRS |
| 650 | 0 | 4 | _aANCIENT ARTS |
| 650 | 0 | 4 | _aANCIENT EGYPT - SEXULAITY |
| 942 |
_2ddc _cBK |
||
| 999 |
_c15512 _d15512 |
||